000 01158cam a22003257a 4500
003 CHAP
005 20220329135110.0
008 971013s1967 r 00010 d
010 _a30888
011 _a31860
035 _a35972
040 _cCHAP
090 _aFolleto 827
100 0 0 _aCoto M., Rogelio.
_928567
245 1 3 _aEl IICA y la OEA (25 aniversario de la fundación del Instituto Interamericano de Ciencias Agrícolas de la OEA)
260 _aSan José, C.R. :
_bIICA,
_c1967
300 _ap. 465-506
500 _aSobretiro del capítulo XIX de Las ciencias agrícolas en América Latina
590 _aBATCH-UPD
_b10
_c20130110
_lUCH01
_h1651
590 _aBATCH-UPD
_b10
_c20130410
_lUCH01
_h1040
590 _aBATCH-UPD
_b10
_c20130914
_lUCH01
_h0320
590 _aBATCH-UPD
_b10
_c20140805
_lUCH01
_h1144
590 _aCONVERSION
_b10
_c20130109
_lUCH01
_h1318
650 1 4 _aAgricultura
_xInvestigación.
_91577
650 1 4 _aAgricultura
_zAmérica Latina.
_91911
710 0 _aInstituto Interamericano de Ciencias Agrícolas de la OEA.
_959209
901 _aBK
942 _cFOLL
949 _aFolleto 827
_bBC
_cFOLL
_d-83017
_eTS1
_i35972
_mD
_si
999 _c30888
_d30888